|
|
|
|
| LEADER |
00000nam0a2200000 4500 |
| 001 |
155274 |
| 005 |
20231031152254.0 |
| 010 |
|
|
|a 5247023145
|
| 020 |
|
|
|a RU
|b 91-42507
|
| 035 |
|
|
|a (RuTPU)RU\TPU\book\168445
|
| 090 |
|
|
|a 155274
|
| 100 |
|
|
|a 20090312d1991 m a0rusy5003 ca
|
| 101 |
0 |
|
|a rus
|
| 102 |
|
|
|a RU
|
| 105 |
|
|
|a a z 001zy
|
| 200 |
1 |
|
|a Вычисление координат и высот пунктов геодезического съемочного обоснования
|f В. Л. Гуткин, В. В. Еремин
|
| 210 |
|
|
|a Москва
|c Недра
|d 1991
|
| 215 |
|
|
|a 144 с.
|c ил.
|d 21 см
|
| 320 |
|
|
|a Библиогр.: с. 142. (15 назв.)
|
| 610 |
1 |
|
|a геодезическая съемка
|
| 610 |
1 |
|
|a геодезические сети
|
| 610 |
1 |
|
|a уравнивание
|
| 610 |
1 |
|
|a координаты
|
| 610 |
1 |
|
|a съемочные сети
|
| 610 |
1 |
|
|a вычисления
|
| 675 |
|
|
|a 528.23
|z rus
|
| 700 |
|
1 |
|a Гуткин
|b В. Л.
|g Владимир Леонидович
|4 070
|
| 701 |
|
1 |
|a Еремин
|b В. В.
|g Виктор Владимирович
|4 070
|
| 801 |
|
0 |
|a RU
|b RuMRKP
|c 19950417
|g psbo
|
| 801 |
|
1 |
|a RU
|b 63413507
|c 20090312
|g PSBO
|
| 801 |
|
2 |
|a RU
|b 63413507
|c 20191224
|g PSBO
|
| 942 |
|
|
|c BK
|